| 000 | 00366nam a2200157Ia 4500 | ||
|---|---|---|---|
| 008 | 221030s9999 xx 000 0 und d | ||
| 020 | _a8178882620 | ||
| 041 | _aEnglish | ||
| 082 |
_a105.23 _bHaz |
||
| 100 | _aNandan Hazare | ||
| 245 | 0 | _aIndustrial Biotechnology | |
| 260 |
_bDominant Pub _aNew Delhi _c2005 |
||
| 300 | _a280 | ||
| 650 | _aManagement | ||
| 942 | _cBK | ||
| 999 |
_c450 _d450 |
||